[Event "13. Festival Ciudad de Lorca 2024 - A"]
[White "Yu, Zechen"]
[Black "Li, Di"]
[Site "Lorca ESP"]
[Round "1.1"]
[Result "0-1"]
[Date "2024.12.26"]
[WhiteElo "2003"]
[BlackElo "2552"]
[PlyCount "46"]
[GameId "2127350607581282"]
[EventDate "2024.12.26"]
[EventCountry "ESP"]
[SourceTitle "Ajedrez en Madrid"]
[Source "lmi"]
[SourceDate "2024.12.26"]
[SourceVersion "1"]
[SourceVersionDate "2025.01.11"]
[SourceQuality "1"]

1. e4 Nc6 2. d4 d5 3. e5 Bf5 4. c3 e6 5. Bd3 Nge7 6. h4 f6 7. Bxf5 Nxf5 8. g4 Nfe7 9. exf6 gxf6 10. Qf3 Rg8 11. g5 Qd7 12. gxf6 Nf5 13. Qh5+ Qf7 14. Qxf7+ Kxf7 15. Nf3 Bd6 16. Be3 e5 17. dxe5 Nxe5 18. Nxe5+ Bxe5 19. Nd2 Bxf6 20. h5 Rae8 21. Ke2 c5 22. Kf3 b6 23. a4 a5 0-1

[Event "13. Festival Ciudad de Lorca 2024 - A"]
[White "Vignesh, N R"]
[Black "Adarsh, D.."]
[Site "Lorca ESP"]
[Round "1.2"]
[Result "1-0"]
[Date "2024.12.26"]
[WhiteElo "2523"]
[BlackElo "1987"]
[PlyCount "47"]
[GameId "2127350816854154"]
[EventDate "2024.12.26"]
[EventCountry "ESP"]
[SourceTitle "Ajedrez en Madrid"]
[Source "lmi"]
[SourceDate "2024.12.26"]
[SourceVersion "1"]
[SourceVersionDate "2025.01.11"]
[SourceQuality "1"]

1. e4 e5 2. Nf3 Nc6 3. Bb5 a6 4. Ba4 Nf6 5. O-O b5 6. Bb3 Be7 7. a4 Bb7 8. d3 O-O 9. Nc3 b4 10. Ne2 d5 11. exd5 Nxd5 12. a5 Bf6 13. Ng3 Nd4 14. Nxd4 exd4 15. Ne4 Be7 16. Qh5 Nf6 17. Nxf6+ Bxf6 18. Bf4 Rc8 19. Rfe1 c5 20. Be5 g6 21. Qh6 Bc6 22. Re2 Bxe5 23. Rxe5 Qd6 24. Rh5 1-0

[Event "13. Festival Ciudad de Lorca 2024 - A"]
[White "Ramos Saavedra, Mario"]
[Black "Ilinca, Felix-Antonio"]
[Site "Lorca ESP"]
[Round "1.3"]
[Result "0-1"]
[Date "2024.12.26"]
[WhiteElo "1983"]
[BlackElo "2450"]
[PlyCount "52"]
[GameId "2127352840016083"]
[EventDate "2024.12.26"]
[EventCountry "ESP"]
[SourceTitle "Ajedrez en Madrid"]
[Source "lmi"]
[SourceDate "2024.12.26"]
[SourceVersion "1"]
[SourceVersionDate "2025.01.11"]
[SourceQuality "1"]

1. e4 c5 2. Nc3 Nc6 3. Bb5 Nd4 4. Nf3 a6 5. Bd3 Nc6 6. O-O d6 7. Re1 g6 8. Bf1 Bg7 9. Nd5 e6 10. Nf4 Nge7 11. c3 e5 12. Nd5 O-O 13. Nxe7+ Qxe7 14. d3 h6 15. a4 Be6 16. g3 b5 17. axb5 axb5 18. Rxa8 Rxa8 19. d4 exd4 20. cxd4 Bg4 21. dxc5 dxc5 22. Bxb5 Ne5 23. Be2 Rd8 24. Qb3 Bxf3 25. Bf1 Bg4 26. Bg2 Nd3 0-1

[Event "13. Festival Ciudad de Lorca 2024 - A"]
[White "Cabrera, Alexis"]
[Black "Diaz Rodriguez, Jose Antonio"]
[Site "Lorca ESP"]
[Round "1.4"]
[Result "1-0"]
[Date "2024.12.26"]
[WhiteElo "2410"]
[BlackElo "1973"]
[PlyCount "51"]
[GameId "2127353642258660"]
[EventDate "2024.12.26"]
[EventCountry "ESP"]
[SourceTitle "Ajedrez en Madrid"]
[Source "lmi"]
[SourceDate "2024.12.26"]
[SourceVersion "1"]
[SourceVersionDate "2025.01.11"]
[SourceQuality "1"]

1. e4 e6 2. d4 d5 3. Bd3 dxe4 4. Bxe4 Nf6 5. Bf3 Bd6 6. Nc3 c6 7. Nge2 Qc7 8. Bg5 Nbd7 9. Qd2 O-O 10. O-O-O a5 11. Ng3 h6 12. Be3 Nd5 13. Bxd5 cxd5 14. Nh5 f5 15. Nb5 Qc6 16. Nxd6 Qxd6 17. g4 Nf6 18. Nxf6+ Rxf6 19. Bf4 Qc6 20. Be5 Rf7 21. g5 hxg5 22. Rdg1 b5 23. Qxg5 Qd7 24. Rg3 b4 25. Rhg1 Ra7 26. Qh6 1-0

[Event "13. Festival Ciudad de Lorca 2024 - A"]
[White "Bryant, Harry"]
[Black "Xu, Minghui"]
[Site "Lorca ESP"]
[Round "1.5"]
[Result "1/2-1/2"]
[Date "2024.12.26"]
[WhiteElo "1971"]
[BlackElo "2405"]
[PlyCount "60"]
[GameId "2127353821982965"]
[EventDate "2024.12.26"]
[EventCountry "ESP"]
[SourceTitle "Ajedrez en Madrid"]
[Source "lmi"]
[SourceDate "2024.12.26"]
[SourceVersion "1"]
[SourceVersionDate "2025.01.11"]
[SourceQuality "1"]

1. e4 e5 2. Nf3 Nc6 3. d4 exd4 4. Nxd4 Qf6 5. Nf3 Bc5 6. Nc3 Nge7 7. Be2 O-O 8. O-O d6 9. Na4 Bg4 10. Nxc5 dxc5 11. c3 h6 12. Be3 b6 13. h3 Bh5 14. Nd2 Bxe2 15. Qxe2 Rad8 16. Rad1 Qe6 17. Qc4 Ne5 18. Qxe6 fxe6 19. Nf3 Nxf3+ 20. gxf3 Ng6 21. Rxd8 Rxd8 22. Kg2 Ne5 23. f4 Nc4 24. Bc1 Rd3 25. Re1 Kf7 26. Re2 a5 27. Rc2 a4 28. f3 h5 29. Kf2 Rd7 30. b3 Na5 1/2-1/2

[Event "13. Festival Ciudad de Lorca 2024 - A"]
[White "Khamrakulov, Ibragim S."]
[Black "Bartakke, Amardeep S."]
[Site "Lorca ESP"]
[Round "1.6"]
[Result "1/2-1/2"]
[Date "2024.12.26"]
[WhiteElo "2388"]
[BlackElo "1965"]
[PlyCount "76"]
[GameId "2127358867620102"]
[EventDate "2024.12.26"]
[EventCountry "ESP"]
[SourceTitle "Ajedrez en Madrid"]
[Source "lmi"]
[SourceDate "2024.12.26"]
[SourceVersion "1"]
[SourceVersionDate "2025.01.11"]
[SourceQuality "1"]

1. e4 c5 2. c3 g6 3. d4 cxd4 4. cxd4 d5 5. exd5 Nf6 6. Nc3 Nxd5 7. Bc4 Nb6 8. Bb3 Bg7 9. d5 O-O 10. Nge2 N8d7 11. Be3 Nf6 12. O-O Bg4 13. f3 Bd7 14. a4 a6 15. a5 Nc8 16. Qd2 Nd6 17. Bb6 Qe8 18. Rfe1 Rc8 19. Nd4 Bb5 20. Ndxb5 axb5 21. Qe2 Nd7 22. Qxe7 Qxe7 23. Rxe7 Nxb6 24. axb6 Bd4+ 25. Kf1 Bxb6 26. Ne4 Nxe4 27. fxe4 Rc7 28. Rxc7 Bxc7 29. Ke2 Re8 30. Kd3 Re7 31. h4 h5 32. Bd1 Kg7 33. g4 hxg4 34. Bxg4 Bd6 35. h5 f5 36. exf5 gxh5 37. Bxh5 Re5 38. Rg1+ Kf8 1/2-1/2

[Event "13. Festival Ciudad de Lorca 2024 - A"]
[White "Vaddhireddy, Sai"]
[Black "Sabuk, Piotr"]
[Site "Lorca ESP"]
[Round "1.7"]
[Result "0-1"]
[Date "2024.12.26"]
[WhiteElo "1962"]
[BlackElo "2385"]
[PlyCount "100"]
[GameId "2127359216247064"]
[EventDate "2024.12.26"]
[EventCountry "ESP"]
[SourceTitle "Ajedrez en Madrid"]
[Source "lmi"]
[SourceDate "2024.12.26"]
[SourceVersion "1"]
[SourceVersionDate "2025.01.11"]
[SourceQuality "1"]

1. d4 d5 2. c4 e6 3. Nf3 Nf6 4. g3 Bb4+ 5. Nbd2 O-O 6. Bg2 b6 7. O-O Bb7 8. a3 Be7 9. cxd5 exd5 10. b4 Nbd7 11. Bb2 Re8 12. Rc1 Bd6 13. Re1 a5 14. b5 a4 15. Nh4 g6 16. Nc4 Bf8 17. Ne5 Ne4 18. Nhf3 Bd6 19. Nc6 Qf6 20. Nce5 Nf8 21. Rc2 Ne6 22. Ng4 Qe7 23. Nfe5 f5 24. Bxe4 fxe4 25. Qc1 Rf8 26. h4 Qg7 27. f3 h5 28. Nf2 Nxd4 29. Bxd4 Bxe5 30. Bxe5 Qxe5 31. f4 Qd6 32. Rxc7 Rac8 33. Rxc8 Rxc8 34. Qb2 e3 35. Nd3 d4 36. Ne5 Qd5 37. Nf3 d3 38. Qf6 Qf5 39. Qxf5 gxf5 40. exd3 Bxf3 41. Rxe3 Rc1+ 42. Kf2 Bg4 43. Re8+ Kf7 44. Ra8 Rb1 45. Rxa4 Rxb5 46. Ke3 Ke6 47. Kd4 Kd6 48. Ra8 Ra5 49. Rb8 Ra4+ 50. Ke3 Kc7 0-1

[Event "13. Festival Ciudad de Lorca 2024 - A"]
[White "Narciso Dublan, Marc"]
[Black "Bartakke, Aditya"]
[Site "Lorca ESP"]
[Round "1.8"]
[Result "1-0"]
[Date "2024.12.26"]
[WhiteElo "2373"]
[BlackElo "1957"]
[PlyCount "55"]
[GameId "2127359798149417"]
[EventDate "2024.12.26"]
[EventCountry "ESP"]
[SourceTitle "Ajedrez en Madrid"]
[Source "lmi"]
[SourceDate "2024.12.26"]
[SourceVersion "1"]
[SourceVersionDate "2025.01.11"]
[SourceQuality "1"]

1. d4 Nf6 2. Bg5 g6 3. Bxf6 exf6 4. c4 d5 5. cxd5 Qxd5 6. Nc3 Qd8 7. g3 Bd6 8. Bg2 h5 9. Nf3 Nd7 10. Qc2 c6 11. Rd1 Nb6 12. O-O Kf8 13. e4 f5 14. Rfe1 Kg7 15. d5 fxe4 16. dxc6 exf3 17. Ne4 Re8 18. Rxd6 Qe7 19. Bxf3 Bh3 20. cxb7 Qxd6 21. bxa8=Q Qb4 22. Re3 Nxa8 23. a3 Qb5 24. Qc3+ Kh6 25. Be2 Qd5 26. f3 Qa2 27. Nd6 Rxe3 28. Qh8+ 1-0

[Event "13. Festival Ciudad de Lorca 2024 - A"]
[White "Picazo Gonzalez, Alejandro"]
[Black "Luch, Michal"]
[Site "Lorca ESP"]
[Round "1.9"]
[Result "0-1"]
[Date "2024.12.26"]
[WhiteElo "1956"]
[BlackElo "2329"]
[PlyCount "60"]
[GameId "2127359868887355"]
[EventDate "2024.12.26"]
[EventCountry "ESP"]
[SourceTitle "Ajedrez en Madrid"]
[Source "lmi"]
[SourceDate "2024.12.26"]
[SourceVersion "1"]
[SourceVersionDate "2025.01.11"]
[SourceQuality "1"]

1. e4 c5 2. c3 Nf6 3. e5 Nd5 4. d4 cxd4 5. cxd4 e6 6. Nc3 Nxc3 7. bxc3 Qc7 8. Bd2 b6 9. f4 Be7 10. Nf3 O-O 11. Bd3 Ba6 12. Qe2 Bxd3 13. Qxd3 Nc6 14. O-O Na5 15. f5 Qc4 16. Qe4 exf5 17. Qxf5 Qe6 18. Qd3 Qg6 19. Qe2 Rac8 20. Be1 Rfe8 21. Kh1 h6 22. Rd1 Qh5 23. Rd3 Nc4 24. Qf2 d6 25. Nd2 dxe5 26. Rh3 Qg6 27. Nxc4 Rxc4 28. Qe2 Qe6 29. Re3 Bd6 30. Bg3 Rcc8 0-1

[Event "13. Festival Ciudad de Lorca 2024 - A"]
[White "Filgueiras, Nathan Felipe"]
[Black "Troidl, Thomas"]
[Site "Lorca ESP"]
[Round "1.10"]
[Result "1-0"]
[Date "2024.12.26"]
[WhiteElo "2328"]
[BlackElo "1945"]
[PlyCount "51"]
[GameId "2127360260620634"]
[EventDate "2024.12.26"]
[EventCountry "ESP"]
[SourceTitle "Ajedrez en Madrid"]
[Source "lmi"]
[SourceDate "2024.12.26"]
[SourceVersion "1"]
[SourceVersionDate "2025.01.11"]
[SourceQuality "1"]

1. e4 e5 2. Nf3 Nf6 3. Nc3 Bc5 4. Nxe5 Qe7 5. d4 Bb6 6. Bg5 h6 7. Nd5 Qd6 8. Bxf6 gxf6 9. Ng4 c6 10. Ngxf6+ Kd8 11. e5 Ba5+ 12. c3 Qe6 13. Ne3 d5 14. Bd3 Nd7 15. Nxd7 Bxd7 16. O-O Rg8 17. Qf3 b5 18. a4 bxa4 19. Rxa4 Bb6 20. Bf5 Qe7 21. c4 Bxd4 22. cxd5 Bxe5 23. dxc6 Bxf5 24. Qxf5 Rg5 25. Rd1+ Ke8 26. Qd7+ 1-0

[Event "13. Festival Ciudad de Lorca 2024 - A"]
[White "Velasco Garcia, Jorge Juan"]
[Black "Vinuesa Sorli, Ruben"]
[Site "Lorca ESP"]
[Round "1.11"]
[Result "0-1"]
[Date "2024.12.26"]
[WhiteElo "1938"]
[BlackElo "2291"]
[PlyCount "44"]
[GameId "2127352180408504"]
[EventDate "2024.12.26"]
[EventCountry "ESP"]
[SourceTitle "Ajedrez en Madrid"]
[Source "lmi"]
[SourceDate "2024.12.26"]
[SourceVersion "1"]
[SourceVersionDate "2025.01.11"]
[SourceQuality "1"]

1. d4 Nf6 2. Nf3 g6 3. e3 Bg7 4. Nbd2 O-O 5. Bd3 d6 6. O-O c5 7. Re1 Nc6 8. c3 Rb8 9. Qe2 Re8 10. dxc5 dxc5 11. e4 Qc7 12. Nf1 Bg4 13. h3 Bxf3 14. Qxf3 Ne5 15. Qg3 Red8 16. Bc2 b5 17. Qh2 b4 18. Bf4 Nh5 19. Bd2 Qb6 20. cxb4 cxb4 21. Be3 Qa5 22. g4 Nf3+ 0-1

[Event "13. Festival Ciudad de Lorca 2024 - A"]
[White "Pogorelov, Ruslan"]
[Black "Escudero Ribo, Eloi"]
[Site "Lorca ESP"]
[Round "1.12"]
[Result "1-0"]
[Date "2024.12.26"]
[WhiteElo "2282"]
[BlackElo "1903"]
[PlyCount "65"]
[GameId "2127351799201953"]
[EventDate "2024.12.26"]
[EventCountry "ESP"]
[SourceTitle "Ajedrez en Madrid"]
[Source "lmi"]
[SourceDate "2024.12.26"]
[SourceVersion "1"]
[SourceVersionDate "2025.01.11"]
[SourceQuality "1"]

1. Nf3 Nf6 2. c4 g6 3. Nc3 Bg7 4. e4 e5 5. Nxe5 O-O 6. Nf3 Re8 7. d3 c6 8. Be2 d5 9. cxd5 cxd5 10. e5 Nfd7 11. d4 Nb6 12. O-O Nc6 13. h3 Bf5 14. a4 Rc8 15. Bd3 Bxd3 16. Qxd3 Nb4 17. Qb5 Bf8 18. Bg5 Qd7 19. a5 Qxb5 20. Nxb5 Nc4 21. b3 a6 22. bxc4 axb5 23. cxb5 Rc2 24. Rfc1 Rec8 25. Rxc2 Nxc2 26. Ra4 Na3 27. a6 b6 28. a7 Ra8 29. Ra6 Nxb5 30. Rxb6 Nxa7 31. Ra6 Bb4 32. Ra4 Bc3 33. Be7 1-0

[Event "13. Festival Ciudad de Lorca 2024 - A"]
[White "Peschardt, Soren"]
[Black "Chavez Suarez, Carlos Alberto"]
[Site "Lorca ESP"]
[Round "1.13"]
[Result "0-1"]
[Date "2024.12.26"]
[WhiteElo "1895"]
[BlackElo "2278"]
[PlyCount "62"]
[GameId "2127951636103228"]
[EventDate "2024.12.26"]
[EventCountry "ESP"]
[SourceTitle "Ajedrez en Madrid"]
[Source "lmi"]
[SourceDate "2024.12.26"]
[SourceVersion "1"]
[SourceVersionDate "2025.01.11"]
[SourceQuality "1"]

{[%evp 0,49,13,33,11,22,17,6,10,18,13,23,16,-2,-3,-3,-10,-8,-8,-5,11,-14,-23,-6,-23,-12,-8,-63,-10,-114,-83,-119,138,-124,-92,-86,-165,-184,-136,-25,-106,-171,-58,-86,-179,-187,4,-199,-207,-263,-246,-280]} 1. d4 Nf6 2. Nf3 e6 3. Bf4 b6 4. e3 Bb7 5. Nbd2 Be7 6. Bd3 Nh5 7. Bg3 d6 8. O-O Nd7 9. Qe2 a6 10. c4 O-O 11. b4 f5 12. Rac1 e5 13. Ne1 g6 14. h3 Nxg3 15. fxg3 Bf6 16. Nb3 exd4 17. Nxd4 Re8 18. Nef3 c5 19. Nc2 Ne5 20. g4 Nxd3 21. Qxd3 fxg4 22. hxg4 Qe7 23. Rce1 Be4 24. Qd2 a5 25. b5 Rad8 26. Na3 d5 27. cxd5 Rxd5 28. Qc1 Bd3 29. Rf2 c4 30. e4 Rc5 31. g5 Bxg5 0-1

[Event "13. Festival Ciudad de Lorca 2024 - A"]
[White "Piedra Salabarria, Ernesto"]
[Black "Mendez Gimenez, Nestor Emmanuel"]
[Site "Lorca ESP"]
[Round "1.14"]
[Result "1-0"]
[Date "2024.12.26"]
[WhiteElo "2272"]
[BlackElo "1893"]
[PlyCount "71"]
[GameId "2127952233447516"]
[EventDate "2024.12.26"]
[EventCountry "ESP"]
[SourceTitle "Ajedrez en Madrid"]
[Source "lmi"]
[SourceDate "2024.12.26"]
[SourceVersion "1"]
[SourceVersionDate "2025.01.11"]
[SourceQuality "1"]

{[%evp 0,43,17,19,19,25,35,33,32,33,33,31,32,8,21,56,52,43,48,133,55,172,46,35,38,41,38,40,42,49,48,54,92,98,98,97,131,97,101,111,111,176,132,66,247,123]} 1. d4 Nf6 2. c4 g6 3. Nc3 Bg7 4. e4 d6 5. Be2 O-O 6. g4 e5 7. d5 c6 8. Be3 cxd5 9. cxd5 Nbd7 10. h4 Nc5 11. f3 h5 12. g5 Ne8 13. b4 Nd7 14. Nh3 a5 15. a3 b6 16. Rc1 axb4 17. axb4 f6 18. Rg1 f5 19. exf5 gxf5 20. f4 Qe7 21. Kf1 Ra3 22. Qd2 exf4 23. Nxf4 Ne5 24. Nb5 Nf3 25. Bxf3 Ba6 26. Kf2 Bxb5 27. Rge1 Qa7 28. Ne6 Qa4 29. Bd1 f4 30. Bd4 Ra2 31. Rc2 Qb3 32. Rg1 Rxc2 33. Bxc2 Bxd4+ 34. Nxd4 Qxd5 35. Qc3 Qe5 36. Re1 1-0

[Event "13. Festival Ciudad de Lorca 2024 - A"]
[White "Leiva Raya, Nicolas"]
[Black "Piccoli, Lucas Fonseca"]
[Site "Lorca ESP"]
[Round "1.15"]
[Result "0-1"]
[Date "2024.12.26"]
[WhiteElo "1891"]
[BlackElo "2270"]
[PlyCount "68"]
[GameId "2127953176387692"]
[EventDate "2024.12.26"]
[EventCountry "ESP"]
[SourceTitle "Ajedrez en Madrid"]
[Source "lmi"]
[SourceDate "2024.12.26"]
[SourceVersion "1"]
[SourceVersionDate "2025.01.11"]
[SourceQuality "1"]

{[%evp 0,55,20,29,15,5,8,6,5,0,12,-6,9,-4,-2,-8,-5,-11,-17,-23,-22,-25,-32,-47,-42,-51,-54,-77,-62,-56,-52,-83,-83,-81,-85,-87,-70,177,-37,-128,-145,-172,-31,-141,-153,-158,-155,-30,-144,-275,-258,-409,-379,-402,-441,-649,-616,-647]} 1. d4 Nf6 2. Bf4 e6 3. e3 c5 4. Nf3 Qb6 5. Qc1 Nc6 6. c3 Nh5 7. Bg3 Nxg3 8. hxg3 d5 9. Bd3 g6 10. Nbd2 Bg7 11. Rb1 O-O 12. dxc5 Qxc5 13. Nb3 Qd6 14. e4 dxe4 15. Bxe4 f5 16. Bc2 e5 17. Qd2 Rd8 18. Qxd6 Rxd6 19. Nc5 b6 20. Bb3+ Kf8 21. Na4 h6 22. Rd1 Rxd1+ 23. Kxd1 e4 24. Nh4 Ne7 25. Kc2 g5 26. Rd1 Ke8 27. Nc5 bxc5 28. Ba4+ Kf7 29. Rd8 gxh4 30. Bb3+ Kf6 31. gxh4 f4 32. g3 fxg3 33. fxg3 e3 34. Rd6+ Ke5 0-1

[Event "13. Festival Ciudad de Lorca 2024 - A"]
[White "Ibarra Jerez, Juan Miguel"]
[Black "Pastor Villalba, Arturo"]
[Site "Lorca ESP"]
[Round "1.16"]
[Result "1-0"]
[Date "2024.12.26"]
[WhiteElo "2220"]
[BlackElo "1891"]
[PlyCount "69"]
[GameId "2127955072000122"]
[EventDate "2024.12.26"]
[EventCountry "ESP"]
[SourceTitle "Ajedrez en Madrid"]
[Source "lmi"]
[SourceDate "2024.12.26"]
[SourceVersion "1"]
[SourceVersionDate "2025.01.11"]
[SourceQuality "1"]

{[%evp 0,69,13,28,20,35,30,33,34,22,16,1,5,0,5,0,0,-10,6,10,16,-19,7,-7,-1,1,-4,-4,-8,-30,4,-45,18,-31,-29,-6,12,-4,4,-2,22,9,16,-26,-3,13,33,26,27,22,22,53,63,93,179,175,192,191,217,213,202,210,199,185,33,201,60,237,48,258,316,251]} 1. Nf3 d6 2. d4 Nf6 3. g3 Nbd7 4. Bg2 e5 5. dxe5 dxe5 6. O-O Bc5 7. Nc3 O-O 8. e4 Qe7 9. Nh4 Nb6 10. a4 Bg4 11. Qe1 a5 12. b3 c6 13. h3 Be6 14. Bd2 Nbd7 15. Nf3 Rfd8 16. Na2 b6 17. Nc1 Nh5 18. Kh2 f6 19. Nd3 Bd6 20. Qe2 g6 21. Nb2 Bb4 22. Rfd1 Bxd2 23. Nxd2 Nc5 24. Ndc4 Qc7 25. Qe3 Rxd1 26. Rxd1 Rd8 27. Rxd8+ Qxd8 28. Nxa5 Qc7 29. Nac4 Nd7 30. Qd2 Ng7 31. Bf1 Ne8 32. b4 b5 33. axb5 cxb5 34. Na3 Qa7 35. Nxb5 1-0

[Event "13. Festival Ciudad de Lorca 2024 - A"]
[White "Boricha, Yohan"]
[Black "Vehi Bach, Victor Manuel"]
[Site "Lorca ESP"]
[Round "1.17"]
[Result "0-1"]
[Date "2024.12.26"]
[WhiteElo "1888"]
[BlackElo "2184"]
[PlyCount "98"]
[GameId "2127955997859978"]
[EventDate "2024.12.26"]
[EventCountry "ESP"]
[SourceTitle "Ajedrez en Madrid"]
[Source "lmi"]
[SourceDate "2024.12.26"]
[SourceVersion "1"]
[SourceVersionDate "2025.01.11"]
[SourceQuality "1"]

{[%evp 0,51,12,30,15,23,17,20,23,14,24,6,82,16,5,5,33,25,21,4,4,-9,-17,11,19,-10,-44,1,-7,0,9,7,11,11,15,8,30,-58,-9,-1,-1,15,31,18,43,170,56,62,72,12,20,15,1,0]} 1. d4 Nf6 2. c4 e6 3. Nf3 d5 4. Nc3 Bb4 5. cxd5 exd5 6. Bg5 h6 7. Bh4 c5 8. dxc5 Nbd7 9. Rc1 Qa5 10. Bxf6 Nxf6 11. e3 Bxc3+ 12. bxc3 O-O 13. Qb3 Qxc5 14. Bd3 b6 15. O-O Bb7 16. Rfd1 Rac8 17. h3 Qe7 18. Qb4 Rfe8 19. Nd4 Rc5 20. Nb3 Rc7 21. a4 Qxb4 22. cxb4 Rec8 23. Rxc7 Rxc7 24. Rc1 Rxc1+ 25. Nxc1 Bc6 26. Bc2 Kf8 27. f3 Ke7 28. Ne2 Kd6 29. Nd4 Bd7 30. Nb5+ Bxb5 31. axb5 g5 32. Kf2 Ne8 33. Kg3 Ke5 34. Bd3 Nd6 35. Kg4 Nc4 36. e4 Ne3+ 37. Kh5 Nxg2 38. exd5 Nf4+ 39. Kxh6 Nxd3 40. Kxg5 f6+ 41. Kh6 Nf4 42. h4 Kxd5 43. Kg7 Ke5 44. Kf7 f5 45. Kg7 Ke6 46. Kg8 Kf6 47. Kh7 Ne6 48. Kh6 Nd4 49. f4 Ne6 0-1

[Event "13. Festival Ciudad de Lorca 2024 - A"]
[White "Valdats, Reinis"]
[Black "Jansone, Melanija Luize"]
[Site "Lorca ESP"]
[Round "1.18"]
[Result "1/2-1/2"]
[Date "2024.12.26"]
[WhiteElo "2176"]
[BlackElo "1885"]
[PlyCount "87"]
[GameId "2128025448263834"]
[EventDate "2024.12.26"]
[EventCountry "ESP"]
[SourceTitle "Ajedrez en Madrid"]
[Source "lmi"]
[SourceDate "2024.12.26"]
[SourceVersion "1"]
[SourceVersionDate "2025.01.11"]
[SourceQuality "1"]

{[%evp 0,43,17,19,28,36,-49,36,36,36,35,35,45,40,39,36,77,63,57,58,66,35,105,30,13,38,28,35,31,-23,19,14,14,-35,-7,79,-44,-19,-49,-43,22,17,9,-82,-86,-121]} 1. e4 d6 2. d4 Nf6 3. Nc3 g6 4. Be3 Bg7 5. Qd2 c6 6. Bh6 Bxh6 7. Qxh6 e5 8. O-O-O Qe7 9. Nf3 Bg4 10. h3 Bxf3 11. gxf3 Nh5 12. dxe5 dxe5 13. h4 Nd7 14. Bh3 O-O-O 15. Bg4 Nf4 16. Rd2 Kc7 17. Rxd7+ Rxd7 18. Bxd7 Qxd7 19. Qg7 Re8 20. Qxh7 Rd8 21. Qh6 Qd2+ 22. Kb1 Qxf2 23. Qg7 Qxf3 24. Qxe5+ Kc8 25. Rc1 Ne6 26. a3 Qf2 27. h5 gxh5 28. Qxh5 Qf6 29. Qh3 Kb8 30. Rf1 Qe7 31. Qf5 Ng5 32. Rg1 Ne6 33. e5 Qc7 34. Qf6 Re8 35. Rf1 Nc5 36. Qf5 Qxe5 37. Qxf7 Ne4 38. Nxe4 Qxe4 39. Rd1 a6 40. b3 Qe7 41. Qf4+ Qc7 42. Qf5 Rd8 43. Rh1 Qd6 44. Kb2 1/2-1/2

[Event "13. Festival Ciudad de Lorca 2024 - A"]
[White "Maklakova, Nellija"]
[Black "Paikens, Reinis"]
[Site "Lorca ESP"]
[Round "1.19"]
[Result "1-0"]
[Date "2024.12.26"]
[WhiteElo "1885"]
[BlackElo "2166"]
[PlyCount "173"]
[GameId "2128027297611889"]
[EventDate "2024.12.26"]
[EventCountry "ESP"]
[SourceTitle "Ajedrez en Madrid"]
[Source "lmi"]
[SourceDate "2024.12.26"]
[SourceVersion "1"]
[SourceVersionDate "2025.01.11"]
[SourceQuality "1"]

1. d4 d5 2. Nf3 e6 3. e3 c5 4. b3 Nc6 5. Bb2 Nf6 6. Nbd2 Bd6 7. Ne5 O-O 8. f4 Qc7 9. g4 Rd8 10. g5 Ne4 11. Nxe4 dxe4 12. Nxc6 Qxc6 13. dxc5 Bc7 14. Bd4 e5 15. fxe5 Ba5+ 16. Kf2 Bc3 17. Bg2 b6 18. Qd3 Bxd4 19. Bxe4 Qxc5 20. Bxa8 Bxe3+ 21. Qxe3 Rd2+ 22. Kf3 Bg4+ 23. Kf4 Rf2+ 24. Qxf2 Qxf2+ 25. Kxg4 h5+ 26. gxh6 Qxc2 27. Rac1 Qg6+ 28. Kf3 Qh5+ 29. Kf2 Qh4+ 30. Ke3 Qxh6+ 31. Kd3 Qh3+ 32. Kd4 Qh4+ 33. Be4 Qd8+ 34. Ke3 g6 35. Rhd1 Qg5+ 36. Kd4 Kg7 37. Rc6 Qd8+ 38. Rd6 Qc7 39. Rd5 a6 40. h4 b5 41. Rf1 b4 42. Ke3 a5 43. h5 gxh5 44. Rg1+ Kf8 45. Kf3 Qc8 46. Rg3 h4 47. Rg4 Qc3+ 48. Bd3 Qc6 49. Bc4 a4 50. Rxh4 axb3 51. axb3 Qg6 52. Rb5 Qf5+ 53. Rf4 Qh3+ 54. Ke4 Qg2+ 55. Ke3 Qg3+ 56. Ke4 Qg2+ 57. Rf3 Qg4+ 58. Ke3 Qg1+ 59. Kd3 Qd1+ 60. Ke4 Qc2+ 61. Kd4 Qb2+ 62. Ke4 Qc2+ 63. Rd3 Qb1 64. Kd5 Qh1+ 65. Kc5 Qg1+ 66. Kxb4 Qe1+ 67. Rc3 Kg7 68. Rc5 Kg6 69. Bd3+ Kg7 70. Kb5 Qh1 71. Kb6 Qa8 72. Ba6 Qd8+ 73. Kb7 Qd7+ 74. Kb8 Qd8+ 75. Ka7 Qd7+ 76. Bb7 Qd4 77. R3c4 Qa1+ 78. Kb8 f5 79. Rc8 Kg6 80. R4c6+ Kg5 81. e6 Qe1 82. e7 f4 83. Rc5+ Kf6 84. Rd5 f3 85. Rd6+ Kf7 86. Rdd8 f2 87. e8=Q+ 1-0

[Event "13. Festival Ciudad de Lorca 2024 - A"]
[White "Vingris, Mikelis"]
[Black "Medhvansh, Madeti"]
[Site "Lorca ESP"]
[Round "1.20"]
[Result "1-0"]
[Date "2024.12.26"]
[WhiteElo "2147"]
[BlackElo "1879"]
[PlyCount "83"]
[GameId "2128029478862998"]
[EventDate "2024.12.26"]
[EventCountry "ESP"]
[SourceTitle "Ajedrez en Madrid"]
[Source "lmi"]
[SourceDate "2024.12.26"]
[SourceVersion "1"]
[SourceVersionDate "2025.01.11"]
[SourceQuality "1"]

1. e4 e5 2. Nf3 Nc6 3. Bb5 a6 4. Ba4 Nf6 5. Nc3 Bc5 6. O-O b5 7. Bb3 d6 8. Nd5 Bg4 9. c3 Nxe4 10. d3 Nf6 11. Nxf6+ gxf6 12. Bd5 Ne7 13. Bxa8 Qxa8 14. h3 Bh5 15. g4 Rg8 16. Kh2 Rxg4 17. hxg4 Bxg4 18. Rg1 Bxf3 19. Qe1 Qd5 20. Rg3 Nf5 21. Rg8+ Ke7 22. d4 Nh4 23. dxc5 Bg4 24. cxd6+ cxd6 25. Qh1 Nf3+ 26. Kg3 h5 27. Rxg4 hxg4 28. Kxg4 f5+ 29. Kg3 e4 30. Bf4 Qa8 31. Qh7 Qd5 32. Rh1 Qd3 33. Be3 Nd2 34. Qxf5 Nf1+ 35. Kf4 Nxe3 36. fxe3 d5 37. Rh7 Kd6 38. Qf6+ Kc5 39. Qd4+ Kd6 40. Rh6+ Kd7 41. Qa7+ Ke8 42. Rh8# 1-0

[Event "13. Festival Ciudad de Lorca 2024 - A"]
[White "Borre Meza, Orlando David"]
[Black "Valdepenas Octavio, Javier"]
[Site "Lorca ESP"]
[Round "1.21"]
[Result "1-0"]
[Date "2024.12.26"]
[WhiteElo "1875"]
[BlackElo "2145"]
[PlyCount "62"]
[GameId "2128031926710597"]
[EventDate "2024.12.26"]
[EventCountry "ESP"]
[SourceTitle "Ajedrez en Madrid"]
[Source "lmi"]
[SourceDate "2024.12.26"]
[SourceVersion "1"]
[SourceVersionDate "2025.01.11"]
[SourceQuality "1"]

1. d4 d5 2. c4 e6 3. Nc3 Nf6 4. cxd5 exd5 5. Bg5 Bb4 6. e3 h6 7. Bh4 g5 8. Bg3 Ne4 9. Qc2 h5 10. Bd3 h4 11. Be5 f6 12. Bxe4 dxe4 13. Qxe4 fxe5 14. Qxe5+ Kf7 15. Nf3 Rg8 16. Qe4 Nc6 17. d5 Bxc3+ 18. bxc3 Ne7 19. Rd1 Qd6 20. O-O b5 21. Ne5+ Ke8 22. f4 Bf5 23. Qd4 Bc2 24. Rc1 Nf5 25. Qd2 Be4 26. Qe2 Qc5 27. Qh5+ Kd8 28. Qf7 Rg7 29. Qe6 Qxe3+ 30. Kh1 Ng3+ 31. hxg3 Bxg2+ 1-0